1980's Music Groups - Sudden Death - Statistics

General Stats
  • This quiz has been taken 105 times
  • The average score is 9 of 20
Answers on the Grid
Answers color-coded by a green-red scale on the quiz's grid according to % correct below.
Dentist And The Hygienists
Frankie Goes to Holyhead
Silver Ladies
Sly Fox
Fine Young Cannibals
Tight Fit
The Dixons
It Bites
The Bush Babies
Bonnie And The Tilers
Doctor And The Medics
Big Fun
The Belle Stars
Fun Boy Three
The Communards
Bronte Boat
Iron Maiden
Bobby And the Bandages
Blue Mercedes
Haircut 100
Blue Rondo A la Turk
Matt Bianco
Yazoo
Pet Shop Boys
Baby O
Boggles
The Police
It Sucks
Bananarama
Simple Minds
 
Answer Stats
Answer % Correct
The Police
83%
Iron Maiden
81%
Pet Shop Boys
78%
Bananarama
74%
Fine Young Cannibals
74%
Simple Minds
72%
Yazoo
50%
Fun Boy Three
39%
Haircut 100
39%
The Communards
36%
Sly Fox
35%
Doctor And The Medics
28%
Tight Fit
28%
Big Fun
26%
Matt Bianco
25%
The Belle Stars
25%
Blue Mercedes
22%
It Bites
17%
Blue Rondo A la Turk
14%
Baby O
6%
No matching quizzes found
Score Distribution
Percent of People with Each Score
Percentile by Number Answered
Your Score History
You have not taken this quiz